000 00478cam a2200145 4500500
005 20260322004827.0
041 _afre
042 _adc
100 1 0 _aToranian, Valérie
_eauthor
245 0 0 _aDu Monde d’hier au monde d’aujourd’hui
260 _c2021.
500 _a16
786 0 _nRevue des deux Mondes | Décembre | 9 | 2021-12-01 | p. 4-6 | 2266-4734
856 4 1 _uhttps://shs.cairn.info/revue-revue-des-deux-mondes-2021-9-page-4?lang=fr&redirect-ssocas=7080
999 _c1743410
_d1743410